000 00313nam a22001337a 4500
008 190305b xxu||||| |||| 00| 0 eng d
020 _a2740374929672
041 _aeng
080 _25th
_a339.138
100 _a60
101 _aMAR
245 _aEssentials of Marketing Research
_cZikmund,W,G
942 _2udc
_cBK
999 _c54586
_d54586